Diccionario ilustrado Latino-Español, Español-Latino

Spremljeno u:
Bibliografski detalji
Glavni autor: García de Diego, Vicente (Autor)
Format: Knjiga
Jezik:latinski
španjolski
Izdano: Barcelona Biblograf S.A 1988
Izdanje:19a. ed
Teme:
Oznake: Dodaj oznaku
Bez oznaka, Budi prvi tko označuje ovaj zapis!

MARC

LEADER 00000cam a2200000 a 4500
001 UCC7809
003 CL-VaPUC
008 190510e19880000sp |||||||||||||||||lat|d
020 |a 8471531976 
041 0 7 |a lat  |2 CL-VaPUC 
041 0 7 |a spa  |2 CL-VaPUC 
082 0 4 |a 473.61  |b GAR  |2 21 
100 |a García de Diego, Vicente  |e author  |9 602521 
245 1 0 |a Diccionario ilustrado Latino-Español, Español-Latino 
250 |a 19a. ed 
300 |a 715 p 
942 |c BK 
945 |d 20190510 15:30:00  |a dcastane 
260 |a Barcelona  |b Biblograf S.A  |c 1988 
650 7 |a DICCIONARIOS LATIN ESPAÑOL  |2 CL-VaPUC  |9 266780 
650 0 |a Español-Latín   |9 306635 
583 |a last modification  |c 20190510 15:30:00  |k Rodrigo Vera 
999 |c 374358  |d 374356 
952 |0 0  |1 0  |3 erd  |4 0  |6 473_610000000000000_GAR_1988  |7 0  |8 F  |9 492864  |a BIBHIS  |b BIBHIS  |i 5546508  |o 473.61 GAR 1988  |p 5546508  |r 2024-01-30  |w 2019-11-24  |y BK_F  |z Catalogado en:20190510  |k HIS